000 00333 a2200157 4500
001 61147
020 _a9788592820000
040 _cAnchieta - Pituba
100 _aSantos, João Bosco Soares dos
240 1 0 _aCantares
_lpor
245 1 0 _aCantares
300 _a140
362 0 _a2008
650 4 _aPoesia brasileira
942 _cBK
999 _c61147
_d61147